| 000 | 00498nam a2200181Ia 4500 | ||
|---|---|---|---|
| 005 | 20250326123509.0 | ||
| 008 | 250326s9999 xx 000 0 und d | ||
| 037 | _aTextbook | ||
| 040 |
_aFMSL _beng _cFMSL |
||
| 041 |
_aeng _2eng |
||
| 084 |
_aX:74 P4 _qFMSL |
||
| 100 |
_aNickels W G _9735307 |
||
| 245 | 0 |
_aFundatmentals of business _cNickels W G And Others |
|
| 260 |
_aBoston _bBoston, McGraw Hill _c2004 |
||
| 300 | _a447p | ||
| 942 |
_cTB _hX:74 P4 |
||
| 999 |
_c1269620 _d1269620 |
||